Sur la mesure des grandeurs /
Guardado en:
| Autor Principal: | |
|---|---|
| Formato: | Libro |
| Idioma: | French |
| Publicado: |
Genève :
L'Enseignement Mathématique : Institut de Mathématiques, Université,
[s.f.]
|
| Series: | Monographies de L'Enseignement mathématique ;
No. 1 |
| Etiquetas: |
Agregar Etiqueta
Sin Etiquetas, Sea el primero en etiquetar este registro!
|
| LEADER | 00699nam a22001695a 4500 | ||
|---|---|---|---|
| 001 | MAT.inmabb000990 | ||
| 008 | 031119n19uu####sz############000#0#fre#d | ||
| 005 | 20170808152318.0 | ||
| 245 | 1 | 0 | |a Sur la mesure des grandeurs / |c par Henri Lebesgue. |
| 260 | |a Genève : |b L'Enseignement Mathématique : |b Institut de Mathématiques, Université, |c [s.f.] | ||
| 300 | |a 184 p. ; |c 24 cm. | ||
| 440 | 0 | |a Monographies de L'Enseignement mathématique ; |v No. 1 | |
| 500 | |a "Extrait de L'Enseignement mathématique, Tomes XXXI (1931) à XXXIV (1935)." | ||
| 100 | 1 | |a Lebesgue, Henri Léon, |d 1875-1941. | |
| 084 | |a 28-XX |2 msc2000 | ||
| 859 | |h 28 |i L443s |p A-845 |b BIB. MATEMATICA | ||
| 859 | |h 28 |i L443s |p A-2170 |t Ej. 2 |b BIB. MATEMATICA | ||
